000 00817nas a2200253 4500
001 BR2011005709
003 BR-BrBNA
005 20231205115643.0
007 ta
008 230509b bl.|||p| |||| 00| 00por d
040 _aBR-BrBNA
_bpor
_cBiblioteca Nacional de Agricultura
041 _a(Pt)
072 _aP06; N01
100 1 _aAlves, A.F.
100 1 _aCagnon, J.A.
245 1 _aDesenvolvimento e avaliação de desempenho de um sistema de posicionamento automático para painéis fotovoltaicos
650 _aGERADOR DE ENERGIA
650 _aENERGIA SOLAR
650 _aRECURSO ENERGÉTICO
650 _aCOLETOR DE RADIAÇÃO
773 0 _tEnergia na Agricultura (Brazil)
_xISSN 1808-8759
_g(2010), v. 25(2) p. 1-19
_wBR2011005709
909 _a202311
_bLúcia
_c55
_dLúcia Elande
942 _2AGRIS
_n0
_cANA
999 _c215057
_d215057